000 00697nam a2200229Ia 4500
005 20241129111317.0
008 241129s9999||||xx |||||||||||||| ||und||
020 _a978-93-91524-99-9
037 _aTB
040 _aCRL
_beng
_cCRL
041 _aeng
_2eng
084 _az R2
_qCRL
100 _aSingh Anand Vardhan Au.
_9724046
245 0 _aHey Ram to Jai Shri Ram: 20dates that changed the course of India
_cSingh Anand Vardhan Au.
260 _aNew Delhi, India
_bAnamika Publishers and Distributors (P) Ltd.
_c2022
300 _a394p.
365 _aINR
_b995
546 _aTranslated from Sanskrit to English
650 _aLaw
942 _cTB
_hZ R2
999 _c1229865
_d1229865